| 000 | 00851nam a22002535a 4500 | ||
|---|---|---|---|
| 005 | 20150727135036.0 | ||
| 008 | 150622s2014 ii a frb 001 0 eng d | ||
| 020 | _a9789381714485 | ||
| 040 |
_aEG-ScBUE _beng _cEG-ScBUE |
||
| 082 | 0 | 4 |
_a671.37 _bRAM _222 |
| 100 | 1 |
_aRamakrishnan, P. _938253 |
|
| 245 | 1 | 0 |
_aPowder metallurgy : _bfor automotive, aluminium alloys, hard and super hard materials / _cP. Ramakrishnan. |
| 250 | _a1st ed. | ||
| 260 |
_aNew Delhi : _bScientific international PVT. LTD., _c2014. |
||
| 300 |
_axxvi, 213 p. : _bill. ; _c25 cm. |
||
| 500 | _aIndex : p. 211-213. | ||
| 504 | _aIncludes bibliographical references. | ||
| 650 | 0 |
_aPowder metallurgy. _2BUEsh |
|
| 650 |
_aHard materials. _2BUEsh |
||
| 651 | _2BUEsh | ||
| 653 |
_bENGGEN _cJune2015 _cJuly2015 |
||
| 655 |
_vreading book _934232 |
||
| 942 |
_2ddc _k671.37 RAM |
||
| 999 |
_c19810 _d19782 |
||